000
00236nam a2200097Ia 4500
008
240331s9999 xx 000 0 und d
082
_b
SAC
100
_a
Sachchthananthan, S
245
0
_a
Penkalin suvadukalilirunthu sila adikal
942
_c
L
999
_c
1686
_d
1686